| 000 | 00681nam a2200169Ia 4500 | ||
|---|---|---|---|
| 005 | 20250117103823.0 | ||
| 008 | 250117s9999 xx 000 0 und d | ||
| 020 | _a9780525436287 | ||
| 082 | _a330KWA | ||
| 100 | _aKwak, James. | ||
| 245 | 0 |
_aEconomism _bbad economics and the rise of inequality |
|
| 260 |
_aNew York _bPantheon Books _c2017 |
||
| 300 | _axvi, 237p. : ill. ; 22 cm | ||
| 500 | _aIncludes bibliographical references and index. | ||
| 520 | _aEconomism: an ideology that distorts the valid principles and tools of introductory college economics, propagated by self-styled experts, zealous lobbyists, clueless politicians, and ignorant pundits. | ||
| 650 | _aEconomics. | ||
| 999 |
_c6472 _d6472 |
||